Hodnotenie VHJ Mliekárenský priemysel za rok 1986 a plán Ďalších hlavných úloh

Bibliographic Details
Main Author: Szabo, A. (Author)
Format: Article
Language:Slovak
Subjects:

MARC

LEADER 00000nab a2200000 a 4500
001 vtls000278558
003 SK-MaSNL
005 20260302215814.0
008 141024c1987 xo 0 slo
015 |a SNBRB19rr/mm-uuuuu 
035 |a CL0288676 
040 |a SNKBUCL  |b slo  |c SNKBUCL  |e AACR2 
041 0 |a slo 
044 |a xo  |c SK 
080 |a 637.1  |2 1981 
100 1 |a Szabo, A.  |4 aut  |9 754934 
245 1 0 |a Hodnotenie VHJ Mliekárenský priemysel za rok 1986 a plán Ďalších hlavných úloh  |c A. Szabo 
650 0 7 |a mliekárenský priemysel  |2 snkbucl  |9 160897 
655 7 |a články z novín a časopisov  |2 snkbucl  |9 267496 
773 0 |t Mliekárstvo  |g Roč. 18, č. 1 (1987), s. 1-6 
850 |a Slovenská národná knižnica v Martine  |a MTA001 
852 |a SNK  |b KIS3GCP 
958 |a RK 
992 |a RBX 
999 |c 1504021  |d 1505951